000 00301nam a22001457a 4500
003 SGT
020 _a9789325963474
082 _a658.5
_bKAL
100 _aKALAVATHY, S.
245 _aOPERATIONS RESEARCH
250 _a4TH
260 _bVIKAS PUBLISHING
_c2018
300 _a533
942 _2ddc
_cBK
_051
999 _c16251
_d16251